| 000 | 01102cam a2200289 a 4500 | ||
|---|---|---|---|
| 001 | 3194 | ||
| 005 | 20250828112324.0 | ||
| 020 | _a9780590474771 | ||
| 040 |
_aNBelS _cNBelS _dDLC _beng |
||
| 050 | 0 | 4 |
_aQL49.B548 _b 1995 |
| 082 | 0 | 0 | _a591 |
| 100 | 1 | _aBerger, Melvin | |
| 245 | 1 | 2 |
_aA whale is not a fish and other animal mix-ups / _cby Berger, Melvin ; illustrated by Peck, Marshall |
| 250 | _aFirst printing , September 1995 | ||
| 260 |
_aNew York : _bScholastic, _c1995 |
||
| 300 |
_a64 pages : _bcolor illustrations ; _c24 cm. |
||
| 505 | _aP | ||
| 520 | _aIs it an alligator or a crocodile? a butterfly or a moth? a donkey or a mule? They might look alike, but they are not. Find out about these and many more animal mix-ups in this fun-to-read book. | ||
| 521 |
_a650
_bLexile |
||
| 521 |
_aP
_bRaz-Plus |
||
| 650 | 0 |
_aAnimals _xIdentification _vJuvenile literature |
|
| 650 | 0 |
_aAnimals _vClassification _vJuvenile literature |
|
| 650 | 1 | _aAnimals | |
| 700 | 1 |
_aPeck, Marshall _eillustrator |
|
| 906 |
_a7 _bcbc _ccopycat _d3 _encip _f19 _gy-gencatlg |
||
| 942 |
_2ddc _cBK _n0 |
||
| 999 |
_c3194 _d3194 |
||